A House In Nebraska - Ethel Cain (Lyrics) - Statistics

General Stats
  • This quiz has been taken 21 times
  • The average score is 361 of 400
Answer Stats
Answer % Correct
a
100%
all
100%
and
100%
be
100%
call
100%
came
100%
come
100%
day
100%
had
100%
home
100%
house
100%
i
100%
if
100%
in
100%
it
100%
long
100%
me
100%
my
100%
nebraska
100%
nothing
100%
on
100%
(so
100%
so
100%
that
100%
the
100%
then
100%
to
100%
was
100%
we
100%
were
100%
where
100%
(where
100%
world
100%
you
100%
your
100%
against
92%
at
92%
bed
92%
but
92%
cried
92%
cry
92%
dirt
92%
dirty
92%
each
92%
empty
92%
every
92%
except
92%
floor
92%
found
92%
girl
92%
gone
92%
i'd
92%
i'm
92%
im
92%
it's
92%
know
92%
left
92%
man
92%
mattress
92%
of
92%
one
92%
other
92%
reason
92%
second
92%
sing
92%
still
92%
still)
92%
told
92%
when
92%
whole
92%
won't
92%
yours
92%
are
83%
back
83%
breaths
83%
die
83%
died
83%
feel
83%
god
83%
her
83%
hold
83%
hurt
83%
hurts
83%
labored
83%
love
83%
make
83%
miss
83%
more
83%
night
83%
our
83%
pray
83%
say
83%
see
83%
sores
83%
there
83%
time
83%
tonight
83%
up
83%
without
83%
worse
83%
alone
75%
baby
75%
calls
75%
cause
75%
doing
75%
edge
75%
favorite
75%
fine
75%
just
75%
kill
75%
laughed
75%
lie
75%
mama
75%
may
75%
might
75%
myself
75%
never
75%
only
75%
really
75%
save
75%
scared
75%
sleep
75%
sometimes
75%
song
75%
tell
75%
town
75%
used
75%
wait
75%
well
75%
you're
75%
aching
67%
alright
67%
around
67%
beautiful
67%
bottles
67%
even
67%
guess
67%
here
67%
hope
67%
met
67%
out
67%
praying
67%
roads
67%
school
67%
silence
67%
sound
67%
these
67%
thought
67%
you'll
67%
maybe
58%
ones
58%
ourselves
58%
photographs
58%
straight
58%
need
50%
needed
42%
under
42%
paid
17%
No matching quizzes found
Score Distribution
Percent of People with Each Score
Percentile by Number Answered
Your Score History
You have not taken this quiz